Capitals of North America - Statistics

General Stats
  • This quiz has been taken 23 times
  • The average score is 19 of 23
Answer Stats
Continent Capital % Correct
North America Ottawa
94%
North America Havana
88%
North America Mexico City
88%
North America Nassau
88%
North America Panama City
88%
North America San Salvador
88%
North America Washington, D.C.
88%
North America Belmopan
82%
North America Castries
82%
North America Guatemala City
82%
North America Kingston
82%
North America Kingstown
82%
North America Basseterre
76%
North America Managua
76%
North America Port-au-Prince
76%
North America Port of Spain
76%
North America Saint John's
76%
North America San José
76%
North America Santo Domingo
76%
North America Tegucigalpa
76%
North America Roseau
71%
North America Saint George's
71%
North America Bridgetown
65%
No matching quizzes found
Score Distribution
Percent of People with Each Score
Percentile by Number Answered
Your Score History
You have not taken this quiz